Datum a čas kvízu
21
Celkem bodů
Celkový počet nahraných bodů na tomto kvízu bez doplňovacích otázek.
9.
Pořadí na kvízu
Konečné umístění týmu na tomto kvízu.
Zaznamenané odpovědi
| # | Otázka | Odpověď | Body | Výsledky |
|---|---|---|---|---|
| 1. | V pražské zoo se samici jménem... | B) vombat | 1 | |
| 2. | Úřady v japonském Tokiu rozhod... | D) budova brání výhledu na horu Fudži | 0 | |
| 3. | Na platformě Voyo byl minulý t... | Mozaika | 0 | |
| 4. | Zavedená česká společnost ozná... | Seznam | 1 | |
| 5. | Na evropském atletickém šampio... | Andrea Železná | 1 | |
| 6. | Téma začneme u Arnolda Schwarz... | Olympia, Universe | 1 | |
| 7. | Bývalý fotbalový útočník, dvoj... | George Weah | 0 | |
| 8. | Ve kterém sportu reprezentoval... | skoky na lyžích | 1 | |
| 9. | Také hokejisty to táhne po kon... | mistrovství světa, olympijské hry, Stanley Cup | 1 | |
| 10. | Pavel Bém je bývalým pražským... | Koruna planety (též Koruna zeměkoule, Koruna světa) | 0 |